000 01919nam a2200469 c 4500
001 10857
003 ES-MaCES
005 20141221122110.0
008 000803s2000 sp d 000 | spa d
017 _aM 10084-2000
_bDL
020 _a8430934995
035 _aCES20000009582m
040 _aES-MaCES
_bspa
_cES-MaCES
100 1 _aCalvo Gallego, Francisco Javier
_98760
245 1 3 _aEl impacto de las empresas de trabajo temporal en España
_b: de la legalización a la reforma : con especial atención al mercado de trabajo andaluz
_cdir. de investigación, Miguel C. Rodríguez-Piñero Royo ; investigadores, Francisco Javier Calvo Gallego, Manuel González Rendón, Miguel C. Rodríguez-Piñero Royo
260 _a[Sevilla]
_bConsejo Andaluz de Relaciones Laborales
_aMadrid
_bTecnos
_c[1999]
300 _a334 p.
_bgráf. bl. y n.
_c24 cm
490 1 _aColección Andaluza de Relaciones Laborales
_v3
541 _cGratuito
650 4 _aempresa de trabajo temporal
_929837
650 4 _aempleo temporal
_929000
650 4 _acontratación
_928323
650 4 _anegociación colectiva
_928362
650 4 _aintervención estatal
_929380
650 4 _aderechos de los trabajadores
_929924
650 4 _adivulgación de la información
_929540
650 4 _acondiciones de empleo
_930040
650 4 _aEspaña
_926964
650 4 _aAndalucia
_930791
650 4 _areforma legislativa
_929892
650 4 _a1994-1999
_930994
650 4 _arégimen jurídico
_929894
653 1 0 _aEmpleo
700 1 _aGonzález Rendón, Manuel
_913888
700 1 _aRodríguez-Piñero Royo, Miguel C.
_922411
700 1 _aRodríguez-Piñero Royo, Miguel C.
_edir.
_922411
710 2 _aConsejo Andaluz de Relaciones Laborales
_eed.
_92337
830 0 _aColección Andaluza de Relaciones Laborales
_v3
_933203
902 _aLIB Libro
942 _2CES
_cBK
_h2.1.
999 _c10857
_d10857